Literature - European | 2 | 9 | 0 | 0 | 120 | 34 | 86.73 | 0 | 0 |
Science - Biology | 2 | 8 | 0 | 0 | 110 | 29 | 93.50 | 1 | 2 |
Science - Physics | 0 | 10 | 0 | 0 | 100 | 66 | 93.50 | 0 | 0 |
Literature - British | 1 | 7 | 0 | 0 | 85 | 71 | 97.00 | 0 | 0 |
Science - Chemistry | 2 | 5 | 0 | 0 | 80 | 39 | 83.29 | 0 | 0 |
Literature - World and Miscellaneous | 0 | 7 | 0 | 0 | 70 | 95 | 113.43 | 0 | 0 |
Fine Arts - Music | 1 | 5 | 0 | 0 | 65 | 61 | 102.33 | 0 | 0 |
Fine Arts - Painting | 0 | 6 | 0 | 0 | 60 | 76 | 106.33 | 0 | 0 |
RMP - Philosophy | 1 | 4 | 0 | 0 | 55 | 49 | 101.00 | 0 | 0 |
RMP - Greco-Roman Mythology | 2 | 2 | 0 | 0 | 50 | 64 | 95.75 | 0 | 0 |
Literature - American | 2 | 1 | 0 | 0 | 40 | 54 | 83.33 | 0 | 0 |
Science - Earth | 0 | 3 | 0 | 0 | 30 | 76 | 92.33 | 0 | 0 |
History - American | 0 | 3 | 0 | 0 | 30 | 67 | 102.67 | 0 | 0 |
History - Cross, Historiography, and Miscellaneous | 0 | 3 | 0 | 0 | 30 | 72 | 91.67 | 0 | 0 |
Science - Math | 2 | 0 | 0 | 0 | 30 | 27 | 43.50 | 1 | 1 |
RMP - Hinduism | 1 | 1 | 0 | 0 | 25 | 52 | 59.00 | 0 | 1 |
History - European | 1 | 1 | 0 | 0 | 25 | 67 | 93.00 | 0 | 0 |
Social Science - Economics | 1 | 1 | 0 | 0 | 25 | 65 | 75.00 | 0 | 0 |
Science - Computer Science | 0 | 2 | 0 | 0 | 20 | 59 | 87.50 | 0 | 0 |
Fine Arts - Miscellaneous | 0 | 2 | 0 | 0 | 20 | 85 | 110.50 | 0 | 0 |
RMP - Islam | 0 | 2 | 0 | 0 | 20 | 124 | 124.00 | 0 | 0 |
Fine Arts - Opera | 0 | 2 | 0 | 0 | 20 | 90 | 92.00 | 0 | 0 |
RMP - World Mythology | 0 | 2 | 0 | 0 | 20 | 78 | 100.00 | 0 | 0 |
History - World | 0 | 2 | 0 | 0 | 20 | 87 | 103.50 | 0 | 0 |
RMP - Other Religion | 1 | 0 | 0 | 0 | 15 | 43 | 43.00 | 0 | 1 |
Current Events - U.S. | 0 | 1 | 0 | 0 | 10 | 118 | 118.00 | 0 | 0 |
Current Events - World | 0 | 1 | 0 | 0 | 10 | 81 | 81.00 | 0 | 0 |
Fine Arts - Ballet/Dance | 0 | 1 | 0 | 0 | 10 | 83 | 83.00 | 0 | 0 |
Fine Arts - Film | 0 | 1 | 0 | 0 | 10 | 142 | 142.00 | 0 | 0 |
Fine Arts - Jazz | 0 | 1 | 0 | 0 | 10 | 119 | 119.00 | 0 | 0 |
Fine Arts - Photography | 0 | 1 | 0 | 0 | 10 | 101 | 101.00 | 0 | 0 |
Fine Arts - Sculpture | 0 | 1 | 0 | 0 | 10 | 84 | 84.00 | 0 | 0 |
Geography - World | 0 | 1 | 0 | 0 | 10 | 85 | 85.00 | 0 | 0 |
RMP - East Asian Religion | 0 | 1 | 0 | 0 | 10 | 82 | 82.00 | 0 | 0 |
Science - Engineering and Miscellaneous | 0 | 1 | 0 | 0 | 10 | 81 | 81.00 | 0 | 0 |
Social Science - Psychology | 0 | 1 | 0 | 0 | 10 | 107 | 107.00 | 0 | 0 |
RMP - Christian Practice | 0 | 0 | 0 | 0 | 0 | | 0.00 | 0 | 0 |
Other - Other Academic and General Knowledge | 0 | 0 | 0 | 0 | 0 | | 0.00 | 0 | 0 |
Social Science - Linguistics | 0 | 0 | 0 | 0 | 0 | | 0.00 | 0 | 0 |
Science - Astronomy | 0 | 0 | 0 | 0 | 0 | | 0.00 | 0 | 0 |